00848nam a2200241 i 450000100060000000300090000600500170001500700030003200800410003524501750007625000120025126000300026330000350029349000390032865000260036770000250039370000270041870000390044570000370048471000250052183000390054685200210058529880ES-MaACL20250722131801.0t|030123s1971 sp ||||1| spa d03aLa base molecular de la vida / cversión española dirigida por Julio R. Villanueva ; traductores, Isabel García Acha, Manuel Losada, Claudio Fernández de Heredia. a1ª ed. aMadrid : bBlume, c1971. a433 p. : bil. col. ; c28 cm.1 aSelecciones de Scientific American 4aBiología molecular.1 aVillanueva, Julio R.1 aGarcía Acha, Isabel.1 aLosada Villasante, Manuel, d1929-1 aFernández de Heredia, Claudio.2 aScientific American.1 aSelecciones de Scientific American aES-MaACLjA-5956